[Event "I Weekend A"]
[Site "Salerno ITA"]
[Date "2012.01.27"]
[Round "1"]
[White "Cangiano, Federico"]
[Black "Collutiis, Duilio"]
[WhiteElo "1963"]
[BlackElo "2477"]
[Result "0-1"]
[PlyCount "90"]
[EventDate "2012.01.27"]

1. d4 c5 2. e3 Nf6 3. Nf3 g6 4. Bd3 Bg7 5. c3 Qc7 6. Nbd2 O-O 7. O-O b6 8. Re1
Nc6 9. a3 d6 10. e4 e5 11. d5 Ne7 12. c4 Ne8 13. Nf1 h6 14. Ng3 Kh8 15. h3 Ng8
16. Bd2 Qd8 17. Qc2 Nef6 18. b4 Nh7 19. bxc5 bxc5 20. Reb1 Bf6 21. Qc1 Kg7 22.
Bc2 Bd7 23. Rb7 Qc8 24. Rab1 Bd8 25. R7b2 Qa6 26. Bb3 Ba5 27. Be3 Qc8 28. Bd1
Qe8 29. Nh2 Qe7 30. Ng4 f5 31. Bxh6+ Nxh6 32. Qxh6+ Kh8 33. exf5 gxf5 34. Nh2
Bb6 35. Nh5 Rg8 36. a4 Qg5 37. Qxg5 Rxg5 38. Ng3 Rag8 39. Nf3 R5g7 40. Nh5
Rxg2+ 41. Kf1 f4 42. Bc2 Be8 43. Bxh7 Bxh5 44. Bxg8 Bxf3 45. Be6 Rh2 0-1

[Event "I Weekend A"]
[Site "Salerno ITA"]
[Date "2012.01.27"]
[Round "1"]
[White "Capozzi, Virgilio"]
[Black "Lamberti, Valerio"]
[WhiteElo "1976"]
[BlackElo "1750"]
[Result "1-0"]
[PlyCount "21"]
[EventDate "2012.01.27"]

1. Nf3 d5 2. d4 Nf6 3. c4 dxc4 4. e3 e6 5. Bxc4 c5 6. O-O Nc6 7. Qe2 cxd4 8.
Rd1 Bc5 9. exd4 Nxd4 10. Nxd4 Bxd4 11. Be3 1-0

[Event "I Weekend A"]
[Site "Salerno ITA"]
[Date "2012.01.27"]
[Round "1"]
[White "Colucci, Stefano"]
[Black "Stromboli, Ettore"]
[WhiteElo "1895"]
[BlackElo "2302"]
[Result "0-1"]
[PlyCount "144"]
[EventDate "2012.01.27"]

1. e4 e6 2. d3 d5 3. Nd2 Nf6 4. Ngf3 c5 5. g3 b6 6. Bg2 Bb7 7. Qe2 Be7 8. O-O
Nc6 9. Re1 Qc7 10. Nf1 dxe4 11. dxe4 O-O 12. e5 Nd7 13. Bf4 Rfd8 14. h4 Nf8 15.
h5 h6 16. c3 Rd7 17. Rad1 Rad8 18. Ne3 Na5 19. b3 Qc8 20. Rxd7 Rxd7 21. Rd1 Ba8
22. c4 Nc6 23. Rxd7 Qxd7 24. Qd2 Nb4 25. a3 Nd3 26. Nf1 Nxf4 27. Qxf4 Qd1 28.
Qe3 Bb7 29. Kh2 Bxf3 30. Qxf3 Qxf3 31. Bxf3 Nd7 32. Nd2 Nxe5 33. Be2 Nc6 34.
Nf3 f5 35. Kg2 Kf7 36. Kh3 Bf6 37. Bd3 Bd4 38. Kg2 Bc3 39. Bc2 Kf6 40. Nh4 Nd4
41. Bd1 e5 42. Nf3 Nc6 43. Nh4 Bd4 44. Bc2 e4 45. g4 fxg4 46. Bxe4 Na5 47. Bc2
Kg5 48. Nf5 Kxh5 49. Ne7 Be5 50. Bd1 Kg5 51. Nd5 h5 52. Ne3 Nc6 53. Nd5 Bd6 54.
Bc2 h4 55. Be4 h3+ 56. Kh1 Ne5 57. Nc3 Bb8 58. Ne2 Nf3 59. b4 Be5 60. bxc5 bxc5
61. Ng3 Bxg3 62. fxg3 Kf6 63. Bc6 Nd2 64. Bd5 Nf1 65. a4 a5 66. Bc6 Nxg3+ 67.
Kh2 Nf1+ 68. Kg1 Ne3 69. Bd7 Ke5 70. Kf2 Kd6 71. Bc8 Kc7 72. Be6 h2 0-1

[Event "I Weekend A"]
[Site "Salerno ITA"]
[Date "2012.01.27"]
[Round "1"]
[White "De Felice, Michele"]
[Black "Chiusano, Raimondo"]
[WhiteElo "1845"]
[BlackElo "2124"]
[Result "0-1"]
[PlyCount "83"]
[EventDate "2012.01.27"]

1. d4 Nf6 2. Nf3 d5 3. e3 Nbd7 4. Bd3 c5 5. c3 Qc7 6. O-O e5 7. dxe5 Nxe5 8.
Nxe5 Qxe5 9. Nd2 Bd6 10. Nf3 Qh5 11. Qa4+ Bd7 12. Bb5 Rd8 13. Bxd7+ Rxd7 14.
Qh4 Qxh4 15. Nxh4 O-O 16. Nf5 Be5 17. f3 Re8 18. a4 b6 19. Bd2 g6 20. Ng3 a6
21. Rab1 Bb8 22. b4 Ba7 23. b5 a5 24. Rfe1 Bb8 25. Rbd1 Be5 26. Re2 Rde7 27.
Rde1 Re6 28. Kf2 c4 29. Nf1 Bd6 30. g4 h5 31. g5 Nd7 32. e4 dxe4 33. Rxe4 Rxe4
34. Rxe4 Rxe4 35. fxe4 Nc5 36. Kf3 Nxa4 37. h4 Bc5 38. Be3 Kf8 39. Bxc5+ bxc5
40. Ne3 Nb6 41. Nd5 Nd7 42. Nb6 0-1

[Event "I Weekend A"]
[Site "Salerno ITA"]
[Date "2012.01.27"]
[Round "1"]
[White "Di Lascio, Savino"]
[Black "D'Errico, Francesco"]
[WhiteElo "1992"]
[BlackElo "1766"]
[Result "1/2-1/2"]
[PlyCount "60"]
[EventDate "2012.01.27"]

1. e4 c6 2. Nf3 d5 3. e5 Bg4 4. h3 Bxf3 5. Qxf3 e6 6. d4 Nd7 7. Bd3 c5 8. c3
Ne7 9. Bg5 Qb6 10. O-O cxd4 11. Qe2 dxc3 12. Nxc3 Nc6 13. Rac1 a6 14. Kh1 Be7
15. Nxd5 exd5 16. e6 Nf6 17. Rfe1 O-O 18. Bxf6 Bxf6 19. Qh5 g6 20. exf7+ Rxf7
21. Qxd5 Nb4 22. Qb3 Kg7 23. a3 Qxf2 24. Bc4 Re7 25. Qxb4 Rxe1+ 26. Rxe1 b5 27.
Bd5 Ra7 28. Re8 Bd4 29. Kh2 Qg1+ 30. Kg3 Qf2+ 1/2-1/2

[Event "I Weekend A"]
[Site "Salerno ITA"]
[Date "2012.01.27"]
[Round "1"]
[White "Esposito, Luca"]
[Black "Cardone, Andrea"]
[WhiteElo "2224"]
[BlackElo "1875"]
[Result "1-0"]
[PlyCount "135"]
[EventDate "2012.01.27"]

1. d4 Nf6 2. Nf3 g6 3. c4 Bg7 4. g3 d6 5. Bg2 O-O 6. O-O c6 7. Nc3 Na6 8. e4
Bg4 9. h3 Bxf3 10. Bxf3 e5 11. Be3 Nc7 12. d5 c5 13. h4 h6 14. Qd2 h5 15. Bg5
Qd7 16. Bg2 b5 17. cxb5 Nxb5 18. Nxb5 Qxb5 19. Rab1 a5 20. Rfc1 Rfc8 21. f3 Qb4
22. Bf1 Ne8 23. Rc4 Qb6 24. Ra4 Nc7 25. b3 Nb5 26. Bxb5 Qxb5 27. Rc1 Rcb8 28.
Kf2 f6 29. Be3 Qd7 30. Kg2 Rb4 31. Rc4 Rxc4 32. Rxc4 a4 33. b4 cxb4 34. Qxb4
Bf8 35. Rc6 Be7 36. a3 Kf7 37. Bf2 g5 38. Qb6 Rc8 39. hxg5 fxg5 40. Be1 g4 41.
f4 Rxc6 42. dxc6 Bd8 43. Qb5 Qe6 44. Qxa4 Qa2+ 45. Kf1 Qh2 46. Qa7+ Kg8 47. c7
Qh1+ 48. Kf2 Qf3+ 49. Kg1 Bxc7 50. Qxc7 Qxa3 51. Qd8+ Kf7 52. Qd7+ Kg8 53. Qe8+
Kg7 54. Qe7+ Kg8 55. Qg5+ Kf8 56. Qf5+ Kg7 57. fxe5 Qa1 58. Qf6+ Kg8 59. Qg6+
Kf8 60. Qxd6+ Ke8 61. Kf1 Qb1 62. e6 Qb5+ 63. Kg1 Qb7 64. Qd7+ Qxd7 65. exd7+
Kxd7 66. Kf2 Ke6 67. Ke3 Ke5 68. Bc3+ 1-0

[Event "I Weekend A"]
[Site "Salerno ITA"]
[Date "2012.01.27"]
[Round "1"]
[White "Ficco, Corrado"]
[Black "Paolillo, Gaia"]
[WhiteElo "2071"]
[BlackElo "1838"]
[Result "1-0"]
[PlyCount "133"]
[EventDate "2012.01.27"]

1. e4 e5 2. Nf3 Nc6 3. Bb5 a6 4. Ba4 Nf6 5. Qe2 Bc5 6. O-O d6 7. c3 O-O 8. d3
Bg4 9. Nbd2 Re8 10. Rd1 h6 11. Nf1 b5 12. Bc2 d5 13. Ng3 Nh5 14. Nxh5 Bxh5 15.
Bb3 d4 16. Bd5 Qf6 17. h3 Rab8 18. g4 Bg6 19. g5 hxg5 20. Bxg5 Qd6 21. Nh4 Ne7
22. Bxe7 Rxe7 23. Qg4 Rb6 24. b4 Bxb4 25. cxb4 Rd7 26. Nxg6 Qxg6 27. Qxg6 Rxg6+
28. Kh2 Rdd6 29. Rg1 Rh6 30. Rg3 Rdf6 31. f3 Kf8 32. a4 c6 33. Bb3 g6 34. axb5
cxb5 35. Rc1 Rh8 36. Rc8+ Kg7 37. Rxh8 Kxh8 38. Bd5 Kg7 39. Kg2 a5 40. bxa5 Ra6
41. f4 exf4 42. Rg4 Rxa5 43. Rxf4 f6 44. Bc6 b4 45. Bd5 Ra3 46. Bc4 Rc3 47. Rf2
Kh6 48. Rb2 Kg5 49. Kg3 Rc1 50. Rxb4 Rg1+ 51. Kf2 Rd1 52. Rb2 Kh4 53. Kg2 Re1
54. Rf2 Kg5 55. h4+ Kxh4 56. Rxf6 g5 57. Rf1 Re2+ 58. Rf2 Re1 59. Be6 Rd1 60.
Bc4 Re1 61. Bb5 g4 62. Bd7 Re3 63. Rd2 Re1 64. Bf5 g3 65. Rb2 Re3 66. Rd2 Kg5
67. Rd1 1-0

[Event "I Weekend A"]
[Site "Salerno ITA"]
[Date "2012.01.27"]
[Round "1"]
[White "Franzese, Luigi"]
[Black "Martorelli, Antonio"]
[WhiteElo "1877"]
[BlackElo "2230"]
[Result "0-1"]
[PlyCount "94"]
[EventDate "2012.01.27"]

1. e4 c5 2. Nf3 e6 3. d4 cxd4 4. Nxd4 a6 5. Nc3 Qc7 6. a3 Nf6 7. Be3 b5 8. Be2
Bb7 9. f3 Nc6 10. Qd2 Be7 11. O-O O-O 12. Rad1 Rac8 13. Nxc6 Qxc6 14. e5 Ng4
15. Bd4 d6 16. exd6 Bxd6 17. Bxb5 Bxh2+ 18. Kh1 axb5 19. fxg4 Bb8 20. Rf3 Rcd8
21. Qg5 e5 22. Bg1 Rxd1 23. Nxd1 Qxc2 24. Ne3 Qg6 25. Qxg6 hxg6 26. Rf1 Rd8 27.
Rd1 Rd4 28. Bf2 f6 29. Kg1 Kf7 30. Kf1 Ke6 31. Ke2 Rxd1 32. Kxd1 Ba7 33. Ke2
Bxe3 34. Bxe3 Bxg2 35. Kd3 f5 36. gxf5+ gxf5 37. Ke2 f4 38. Bb6 g5 39. Kf2 Bc6
40. Ba7 g4 41. Bb6 g3+ 42. Kg1 Bd5 43. Bc5 f3 44. Be3 Kf5 45. Bc5 Ke4 46. Bb6
Kd3 47. Bc7 Kc2 0-1

[Event "I Weekend A"]
[Site "Salerno ITA"]
[Date "2012.01.27"]
[Round "1"]
[White "Grasso, Nino"]
[Black "Somma, Andrea"]
[WhiteElo "2009"]
[BlackElo "1785"]
[Result "1/2-1/2"]
[PlyCount "72"]
[EventDate "2012.01.27"]

1. e4 d5 2. exd5 Qxd5 3. d4 c6 4. Nf3 Nf6 5. c4 Qa5+ 6. Nc3 Bf5 7. Qb3 Qb6 8.
Qxb6 axb6 9. d5 e6 10. Nd4 Bb4 11. Nxf5 exf5 12. Bd2 O-O 13. Bd3 Re8+ 14. Kd1
Ng4 15. Rf1 g6 16. h3 Ne5 17. Re1 Nbd7 18. Be2 Nc5 19. Kc2 Bxc3 20. Bxc3 cxd5
21. cxd5 Ne4 22. f4 Nd7 23. Bb5 Red8 24. g4 Nxc3 25. bxc3 Nf6 26. gxf5 Nxd5 27.
fxg6 hxg6 28. f5 Rac8 29. c4 Nc7 30. Rab1 Nxb5 31. Rxb5 Rxc4+ 32. Kb3 Rh4 33.
Re3 Rd6 34. fxg6 Rxg6 35. Ree5 Rgh6 36. Rg5+ Rg6 1/2-1/2

[Event "I Weekend A"]
[Site "Salerno ITA"]
[Date "2012.01.27"]
[Round "1"]
[White "Lazic, Miroljub"]
[Black "Rebeggiani, Andrea"]
[WhiteElo "2470"]
[BlackElo "1947"]
[Result "1-0"]
[PlyCount "37"]
[EventDate "2012.01.27"]

1. g3 g6 2. Bg2 Bg7 3. d4 d5 4. Nf3 c6 5. O-O Nh6 6. Nbd2 O-O 7. e4 Bg4 8. c3
e6 9. Re1 Nd7 10. Qb3 dxe4 11. Nxe4 Bxf3 12. Bxf3 Nb6 13. a4 Qe7 14. Bg5 f6 15.
Bxh6 Bxh6 16. Nc5 Qf7 17. Rxe6 Rfe8 18. Rxe8+ Rxe8 19. Qxf7+ 1-0

[Event "I Weekend A"]
[Site "Salerno ITA"]
[Date "2012.01.27"]
[Round "1"]
[White "Loi, Andrea"]
[Black "Crafa, Carmine"]
[WhiteElo "2005"]
[BlackElo "1777"]
[Result "1/2-1/2"]
[PlyCount "118"]
[EventDate "2012.01.27"]

1. d4 d5 2. c4 dxc4 3. e4 Nf6 4. Nc3 e5 5. Nf3 exd4 6. Qxd4 Qxd4 7. Nxd4 a6 8.
Bxc4 c5 9. Nf3 b5 10. e5 bxc4 11. exf6 Be6 12. Ne4 Nd7 13. Bd2 Nxf6 14. Nxf6+
gxf6 15. Bc3 Bg7 16. Nd2 O-O 17. Ne4 Bf5 18. Nxf6+ Bxf6 19. Bxf6 Rfe8+ 20. Kf1
Re6 21. Bc3 Rae8 22. h3 Re2 23. Rc1 Bd3 24. Kg1 R8e6 25. g4 Kf8 26. Rh2 Ke7 27.
f3 Kd6 28. Rxe2 Rxe2 29. Re1 Rxe1+ 30. Bxe1 Ke5 31. Bc3+ Kf4 32. Kf2 f5 33.
Bd2+ Ke5 34. Kg3 fxg4 35. Bc3+ Kf5 36. hxg4+ Kg6 37. Kh4 Be2 38. f4 Kf7 39. a4
a5 40. Bxa5 Bd1 41. Bb6 Bxa4 42. Bxc5 Bd1 43. Bd4 Bc2 44. f5 Bd1 45. Kg3 Be2
46. Kf4 Bd3 47. Ke3 Bf1 48. Be5 Bh3 49. Kf4 Bf1 50. g5 Bd3 51. Bc3 Bf1 52. Ke5
Bd3 53. Bd2 Bf1 54. Bc1 Bd3 55. Kd4 Bf1 56. Bf4 Bd3 57. b3 Bxf5 58. bxc4 Ke6
59. Kc5 Kd7 1/2-1/2

[Event "I Weekend A"]
[Site "Salerno ITA"]
[Date "2012.01.27"]
[Round "1"]
[White "Maddaloni, Giovanni"]
[Black "Gambardella, Piero"]
[WhiteElo "1770"]
[BlackElo "2002"]
[Result "0-1"]
[PlyCount "53"]
[EventDate "2012.01.27"]

1. e4 e6 2. d4 d5 3. Nc3 Bb4 4. e5 c5 5. Qg4 Ne7 6. Nf3 Qc7 7. Bd2 Bd7 8. O-O-O
cxd4 9. Nb5 Bxd2+ 10. Rxd2 Bxb5 11. Bxb5+ Nbc6 12. Qxg7 Rg8 13. Qxh7 Qa5 14.
Nxd4 Qxa2 15. Nb3 a5 16. Rdd1 a4 17. Nd4 Rc8 18. Bxc6+ bxc6 19. g3 a3 20. Qd3
axb2+ 21. Kd2 Rb8 22. Rb1 c5 23. Nb5 Qa5+ 24. Nc3 d4 25. Ke2 Qxc3 26. Qxc3 dxc3
27. Kd3 0-1

[Event "I Weekend A"]
[Site "Salerno ITA"]
[Date "2012.01.27"]
[Round "1"]
[White "Mazzarone, Maurizio"]
[Black "Laketic, Gojko"]
[WhiteElo "1930"]
[BlackElo "2430"]
[Result "0-1"]
[PlyCount "62"]
[EventDate "2012.01.27"]

1. d4 Nf6 2. Nf3 e6 3. Bf4 c5 4. c3 b6 5. e3 Bb7 6. Nbd2 Be7 7. Bd3 Nh5 8. Bxb8
Qxb8 9. O-O O-O 10. Re1 Qc7 11. Rc1 Rac8 12. Ne4 cxd4 13. exd4 Nf4 14. Bb1 f5
15. Ned2 g5 16. g3 Nh3+ 17. Kf1 Qc6 18. Qb3 g4 19. d5 Qxd5 20. Qxd5 Bxd5 21.
Ne5 Rc7 22. Rcd1 Ng5 23. c4 Bb7 24. a3 Bf6 25. b4 a5 26. Nb3 Bxe5 27. Rxe5 axb4
28. axb4 Nf3 29. Rb5 Nxh2+ 30. Kg1 Nf3+ 31. Kf1 Ba6 0-1

[Event "I Weekend A"]
[Site "Salerno ITA"]
[Date "2012.01.27"]
[Round "1"]
[White "Messina, Enrico"]
[Black "Paduano, Gennaro"]
[WhiteElo "2139"]
[BlackElo "1858"]
[Result "1-0"]
[PlyCount "45"]
[EventDate "2012.01.27"]

1. e4 c5 2. d4 cxd4 3. c3 dxc3 4. Nxc3 Nc6 5. Bc4 e6 6. Nf3 Qc7 7. O-O Nf6 8.
Nb5 Qb8 9. e5 Nxe5 10. Nxe5 Qxe5 11. Re1 Qb8 12. Qd4 Nh5 13. Bg5 b6 14. Bd5 Bb7
15. Rac1 Bc5 16. Rxc5 bxc5 17. Qxc5 Nf6 18. Bxb7 h6 19. Bxf6 gxf6 20. Bxa8 Kd8
21. Rd1 Rg8 22. Bc6 d5 23. Bxd5 1-0

[Event "I Weekend A"]
[Site "Salerno ITA"]
[Date "2012.01.27"]
[Round "1"]
[White "Moscarino, Carlo"]
[Black "Varvaglione, Antonio"]
[WhiteElo "1784"]
[BlackElo "2008"]
[Result "0-1"]
[PlyCount "86"]
[EventDate "2012.01.27"]

1. d4 Nf6 2. c4 c5 3. Nf3 cxd4 4. Nxd4 e5 5. Nb5 d5 6. cxd5 Bc5 7. e3 O-O 8. d6
Ne4 9. Nc7 Qh4 10. g3 Qf6 11. f3 Bb4+ 12. Bd2 Nxd2 13. Nxd2 Qxd6 14. Rc1 Rd8
15. Rc2 Nc6 16. Nxa8 Bf5 17. a3 Bxc2 18. Qxc2 Bxd2+ 19. Ke2 Qb8 20. Bh3 Qxa8
21. Rd1 Ba5 22. Rxd8+ Qxd8 23. b4 Bb6 24. Qc4 Ne7 25. e4 Nc6 26. Qd5 Nd4+ 27.
Kd3 Nxf3 28. Qxd8+ Bxd8 29. Kc4 Nxh2 30. b5 h5 31. a4 Nf3 32. Bc8 b6 33. Kd5
Nd4 34. Kd6 Ne2 35. Kd7 Bg5 36. Kc7 Nxg3 37. Kb7 Nxe4 38. Kxa7 Bd8 39. Bf5 Nc5
40. Kb8 Nxa4 41. Kc8 Be7 42. Kc7 Bc5 43. Be4 Nc3 0-1

[Event "I Weekend A"]
[Site "Salerno ITA"]
[Date "2012.01.27"]
[Round "1"]
[White "Paladino, Giovanni"]
[Black "Bianco, Raffaele"]
[WhiteElo "1820"]
[BlackElo "2068"]
[Result "1/2-1/2"]
[PlyCount "36"]
[EventDate "2012.01.27"]

1. e4 e5 2. Nf3 Nc6 3. Bb5 a6 4. Ba4 Nf6 5. d3 b5 6. Bb3 Be7 7. c3 O-O 8. O-O
d5 9. Re1 dxe4 10. dxe4 Qxd1 11. Rxd1 Bg4 12. Re1 Bxf3 13. gxf3 Rad8 14. Be3
Na5 15. Nd2 Rd7 16. Bc2 Rfd8 17. Rad1 h6 18. a4 b4 1/2-1/2

[Event "I Weekend A"]
[Site "Salerno ITA"]
[Date "2012.01.27"]
[Round "1"]
[White "Panariello, Francesco"]
[Black "Lamagna, Mario"]
[WhiteElo "1756"]
[BlackElo "1987"]
[Result "0-1"]
[PlyCount "86"]
[EventDate "2012.01.27"]

1. d4 Nf6 2. Nf3 g6 3. c4 Bg7 4. Nc3 O-O 5. e4 d6 6. h3 Nbd7 7. Be2 e5 8. d5
Nc5 9. Nd2 Bh6 10. Qc2 a5 11. Nb3 Bxc1 12. Rxc1 Nfd7 13. Qd2 Nxb3 14. axb3 Nc5
15. Qc2 f5 16. Bf3 fxe4 17. Bxe4 Nxe4 18. Nxe4 Bf5 19. g4 Bxe4 20. Qxe4 Qg5 21.
Qe3 Qf6 22. O-O Qf3 23. Rc3 Qxe3 24. Rxe3 Rf4 25. c5 Rd4 26. cxd6 cxd6 27. Rc3
Rxd5 28. Rc7 Rb5 29. Rd7 Rf8 30. Rc1 Rf7 31. Rc8+ Kg7 32. Rxd6 Rxb3 33. Rd2 a4
34. Ra8 b5 35. Re8 Rxh3 36. Rxe5 Rb7 37. Red5 Rb3 38. g5 Kf7 39. Kg2 b4 40. Ra5
a3 41. bxa3 Rxa3 42. Rxa3 bxa3 43. Ra2 Rb3 0-1

[Event "I Weekend A"]
[Site "Salerno ITA"]
[Date "2012.01.27"]
[Round "1"]
[White "Puglisi, Vincenzo"]
[Black "Spano' Cuomo, Gaetano"]
[WhiteElo "2034"]
[BlackElo "1804"]
[Result "1-0"]
[PlyCount "99"]
[EventDate "2012.01.27"]

1. e4 e5 2. Nf3 Nc6 3. Bb5 a6 4. Ba4 Nf6 5. d3 b5 6. Bb3 Be7 7. c3 d6 8. Nbd2
O-O 9. Nf1 Na5 10. Bc2 c5 11. Ng3 Nc6 12. O-O d5 13. Qe2 d4 14. a4 dxc3 15.
bxc3 b4 16. c4 a5 17. Bb2 Bg4 18. h3 Nd4 19. Bxd4 Bxf3 20. Qxf3 Qxd4 21. Nf5
Qd7 22. Qg3 Ne8 23. Qxe5 Bf6 24. Qxc5 Bxa1 25. Ne7+ Kh8 26. Ng6+ hxg6 27. Qxf8+
Kh7 28. Rxa1 Rc8 29. e5 Nf6 30. Qd6 Qxd6 31. exd6 Rc6 32. Rd1 Rxd6 33. d4 Kg8
34. f3 Kf8 35. Bb3 Rd8 36. Kf2 Ke7 37. Re1+ Kf8 38. Rd1 Ke7 39. Ke3 Kd7 40. c5
Ke7 41. Kd3 Nd5 42. Re1+ Kf6 43. Bxd5 Rxd5 44. Kc4 Rd7 45. g4 g5 46. d5 Re7 47.
Rd1 Ke5 48. Rd3 f5 49. d6 Rd7 50. Rd5+ 1-0

[Event "I Weekend A"]
[Site "Salerno ITA"]
[Date "2012.01.27"]
[Round "1"]
[White "Quattrone, Andrea"]
[Black "Consalvo, Gerardo"]
[WhiteElo "1790"]
[BlackElo "2029"]
[Result "0-1"]
[PlyCount "77"]
[EventDate "2012.01.27"]

1. d4 d5 2. c4 e6 3. Nc3 c6 4. Nf3 Nf6 5. Bg5 dxc4 6. e4 b5 7. e5 h6 8. Bh4 g5
9. Nxg5 hxg5 10. Bxg5 Nbd7 11. Ne4 Qa5+ 12. Bd2 Qd8 13. exf6 Nxf6 14. Bg5 Be7
15. Bxf6 Bxf6 16. Nxf6+ Qxf6 17. g3 Bb7 18. Bg2 O-O-O 19. O-O c5 20. Qc2 Bxg2
21. Kxg2 Rxh2+ 22. Kxh2 Qf3 23. Qh7 Rd5 24. Qg8+ Kb7 25. g4 Qf4+ 26. Kh3 Rg5
27. Qxg5 Qxg5 28. dxc5 Qxc5 29. Kg2 Qd5+ 30. f3 Qd2+ 31. Rf2 Qd4 32. Rh1 Kb6
33. Rh7 Qf4 34. Rh1 a5 35. Rh8 b4 36. Ra8 Kb5 37. Rd2 c3 38. bxc3 bxc3 39. Re2
{...} 0-1

[Event "I Weekend A"]
[Site "Salerno ITA"]
[Date "2012.01.27"]
[Round "1"]
[White "Ricci, Alessio"]
[Black "Pescatore, Lorenzo"]
[WhiteElo "1865"]
[BlackElo "2174"]
[Result "0-1"]
[PlyCount "94"]
[EventDate "2012.01.27"]

1. d4 Nf6 2. Nf3 e6 3. e3 c5 4. Bd3 b6 5. Qe2 cxd4 6. exd4 Bb7 7. Nbd2 Be7 8.
O-O O-O 9. c4 d5 10. b3 dxc4 11. bxc4 Qc7 12. Ne5 Nc6 13. Ndf3 Nxe5 14. Nxe5
Rad8 15. Bb2 Qb8 16. a3 g6 17. Rfe1 Rfe8 18. Qe3 Bf8 19. h4 Bg7 20. Qf4 Rf8 21.
Qe3 Qd6 22. Rad1 Nd7 23. f4 Bh6 24. Qg3 Nf6 25. Qf2 Nh5 26. g3 f5 27. Be2 Nf6
28. Bf3 Ne4 29. Bxe4 Bxe4 30. Qe2 Bg7 31. Nf3 h6 32. Ne5 Bxe5 33. dxe5 Qc5+ 34.
Kh2 h5 35. Rf1 Qc7 36. a4 Qc6 37. Ba3 Rfe8 38. Rxd8 Rxd8 39. Rd1 Rd7 40. Rd6
Qxa4 41. Qd2 Rxd6 42. exd6 Bc6 43. Qe2 Kf7 44. Bb2 Qb3 45. Qd2 Qf3 46. Kh3 Qh1+
47. Qh2 Bg2# 0-1

[Event "I Weekend A"]
[Site "Salerno ITA"]
[Date "2012.01.27"]
[Round "1"]
[White "Seletsky, Grigory"]
[Black "Taurisano, Vincenzo"]
[WhiteElo "2277"]
[BlackElo "1888"]
[Result "1-0"]
[PlyCount "133"]
[EventDate "2012.01.27"]

1. e4 c6 2. Nc3 d5 3. d4 dxe4 4. Nxe4 Nd7 5. Ng5 Ngf6 6. Bd3 e6 7. N1f3 Bd6 8.
Qe2 O-O 9. Nxe6 Bb4+ 10. c3 fxe6 11. cxb4 Nb6 12. O-O Nbd5 13. b5 cxb5 14. Bxb5
Bd7 15. Bc4 Qb6 16. Bg5 Rac8 17. Rac1 Bc6 18. Ne5 Qxd4 19. Rfd1 Qe4 20. Nxc6
bxc6 21. Bxf6 Nxf6 22. Qxe4 Nxe4 23. f3 Ng5 24. Bb3 Rcd8 25. h4 Rxd1+ 26. Bxd1
Nf7 27. Rxc6 Nd8 28. Ra6 Rf7 29. Bb3 Re7 30. Rd6 Re8 31. Rd7 a5 32. Ra7 Nc6 33.
Ra6 Nd4 34. Bc4 Rc8 35. b3 Rc5 36. Rd6 Nc6 37. Rxe6 Kf8 38. f4 a4 39. Kf2 axb3
40. axb3 Na5 41. Re4 Nxc4 42. Rxc4 Rb5 43. b4 Ke7 44. Kf3 Kd6 45. Rd4+ Ke6 46.
Ke4 g6 47. g4 Rb6 48. g5 Rb5 49. Kf3 Rb7 50. Kg4 Rb5 51. h5 gxh5+ 52. Kxh5 Kf5
53. Kh4 Rb6 54. Kg3 h6 55. Rd5+ Kg6 56. b5 hxg5 57. fxg5 Rb7 58. Kg4 Rb6 59.
Rc5 Rb7 60. Rc6+ Kg7 61. b6 Rb8 62. Kf5 Rf8+ 63. Ke6 Kg6 64. b7 Kxg5 65. Rc8
Rf6+ 66. Ke7 Rb6 67. b8=Q 1-0

[Event "I Weekend A"]
[Site "Salerno ITA"]
[Date "2012.01.27"]
[Round "1"]
[White "Skrijely, Edin"]
[Black "Occhipinti, Giuseppe"]
[WhiteElo "1737"]
[BlackElo "1971"]
[Result "0-1"]
[PlyCount "117"]
[EventDate "2012.01.27"]

1. e4 e5 2. f4 Bc5 3. Nf3 d6 4. d4 exd4 5. Nxd4 Nf6 6. Nc3 O-O 7. Be2 Re8 8.
Qd3 Qe7 9. Bf3 Nxe4 10. O-O Nxc3 11. bxc3 Nc6 12. Bd2 Qf6 13. Bxc6 bxc6 14. Kh1
Bd7 15. f5 Bb6 16. Rf4 Re5 17. Raf1 Rae8 18. Rg4 h6 19. c4 Kh8 20. Rgf4 Bxd4
21. Qxd4 c5 22. Qd3 Bc6 23. Qg3 Re2 24. R4f2 Qe5 25. Qh4 Rxf2 26. Qxf2 Qe2 27.
Kg1 Qg4 28. f6 g5 29. Re1 Rxe1+ 30. Bxe1 Qxc4 31. h4 Qxh4 32. Qxh4 gxh4 33.
Bxh4 Kh7 34. Kf2 Kg6 35. g4 Ba4 36. c3 Bd1 37. Kg3 d5 38. Kf4 a5 39. Bf2 Kxf6
40. Bxc5 Ke6 41. Bf8 h5 42. gxh5 Bxh5 43. Bc5 a4 44. a3 c6 45. Bb4 Kd7 46. Bc5
Kc7 47. Ke5 Kb7 48. Be7 Kb6 49. Kd4 Kb5 50. Bd8 Bf3 51. Bf6 Bg2 52. Be7 f5 53.
Bg5 c5+ 54. Ke3 Kc4 55. Bf4 Be4 56. Be5 Kb3 57. Bd6 Kxc3 58. Bxc5 Kb3 59. Kd4
0-1

[Event "I Weekend A"]
[Site "Salerno ITA"]
[Date "2012.01.27"]
[Round "2"]
[White "Bianco, Raffaele"]
[Black "Vena, Alessio"]
[WhiteElo "2068"]
[BlackElo "1898"]
[Result "1/2-1/2"]
[PlyCount "100"]
[EventDate "2012.01.27"]

1. Nf3 Nf6 2. g3 g6 3. Bg2 Bg7 4. c4 O-O 5. O-O c5 6. Nc3 Nc6 7. d3 d6 8. Bg5
h6 9. Bd2 a6 10. Rb1 Rb8 11. Qc1 Kh7 12. a3 b5 13. cxb5 axb5 14. Ng5+ hxg5 15.
Bxc6 b4 16. axb4 cxb4 17. Ne4 Nxe4 18. Bxe4 Bh3 19. Bg2 Bxg2 20. Kxg2 g4 21.
Qc4 Qd7 22. f3 gxf3+ 23. Rxf3 Rb5 24. g4 Re5 25. Re1 Qe6 26. Bxb4 Qxc4 27. dxc4
Re4 28. Rh3+ Kg8 29. b3 d5 30. Bc3 dxc4 31. Bxg7 Kxg7 32. Kf3 Rd4 33. e3 Rd3
34. bxc4 Rc3 35. Ra1 Rxc4 36. Ra7 e6 37. Rg3 Rb8 38. h3 Rb2 39. h4 Rh2 40. h5
gxh5 41. gxh5+ Kf6 42. h6 Rxh6 43. Ke2 Rc2+ 44. Kd3 Rf2 45. Rb7 Rh4 46. Rg8 Ra2
47. Rf8 Ra3+ 48. Ke2 Rh2+ 49. Kf3 Rh3+ 50. Kg4 Raxe3 1/2-1/2

[Event "I Weekend A"]
[Site "Salerno ITA"]
[Date "2012.01.27"]
[Round "2"]
[White "Buiano, Fabio"]
[Black "Paladino, Giovanni"]
[WhiteElo "2033"]
[BlackElo "1820"]
[Result "1-0"]
[PlyCount "73"]
[EventDate "2012.01.27"]

1. e4 c5 2. Nc3 d6 3. f4 Nf6 4. Nf3 a6 5. g3 Nc6 6. Bg2 Qc7 7. d3 e6 8. O-O Be7
9. h3 O-O 10. g4 Rb8 11. Ne2 Rd8 12. Ng3 b5 13. c3 g6 14. Be3 d5 15. e5 Ne8 16.
d4 cxd4 17. cxd4 f6 18. Qe2 Ng7 19. Rf2 Rf8 20. Rc1 Qd7 21. Bf1 b4 22. Qc2 Bb7
23. Bd3 f5 24. Qe2 Rfc8 25. Rg2 Rc7 26. Kh2 Qc8 27. Rcg1 Na5 28. Ng5 h6 29.
Nxe6 Qxe6 30. gxf5 gxf5 31. Nxf5 Bf8 32. Rg6 Qxg6 33. Rxg6 Kf7 34. Nxh6+ Ke7
35. f5 Kd7 36. Qg4 Nc4 37. Rxg7+ 1-0

[Event "I Weekend A"]
[Site "Salerno ITA"]
[Date "2012.01.27"]
[Round "2"]
[White "Cardone, Andrea"]
[Black "Panariello, Francesco"]
[WhiteElo "1875"]
[BlackElo "1756"]
[Result "1-0"]
[PlyCount "137"]
[EventDate "2012.01.27"]

1. d4 Nf6 2. c4 e6 3. Nc3 Bb4 4. Qc2 O-O 5. Nf3 d5 6. a3 Bxc3+ 7. bxc3 Ne4 8.
e3 b6 9. Bd3 f5 10. O-O Bb7 11. cxd5 exd5 12. Nd2 Qg5 13. Nf3 Qe7 14. a4 Rc8
15. Qb3 Nd7 16. c4 c6 17. Ba3 Qf6 18. Bxe4 fxe4 19. Nd2 Qe6 20. Rfc1 c5 21.
dxc5 Nxc5 22. Bxc5 Rxc5 23. a5 dxc4 24. Qb4 Rac8 25. axb6 axb6 26. Nb1 Qf6 27.
Nc3 h5 28. Ra7 R8c7 29. Rxb7 Rxb7 30. Nxe4 Qe5 31. Nxc5 Qxc5 32. Qxc4+ Qxc4 33.
Rxc4 Kf7 34. Kf1 Ke6 35. Rd4 Ra7 36. Rb4 Rb7 37. Rb5 g6 38. Ke2 Kf6 39. h3 g5
40. g4 hxg4 41. hxg4 Kg6 42. Kd3 Rf7 43. Rxb6+ Kg7 44. Ke2 Rc7 45. Rb5 Kg6 46.
Rf5 Ra7 47. Rd5 Ra3 48. f4 gxf4 49. exf4 Rg3 50. Rd6+ Kg7 51. g5 Kf7 52. Rd3
Rg1 53. Kf3 Ke7 54. Ke4 Ra1 55. Ke5 Re1+ 56. Kf5 Re2 57. Rh3 Ra2 58. Rh7+ Kf8
59. g6 Kg8 60. Kf6 Ra6+ 61. Kg5 Ra5+ 62. f5 Rb5 63. Rd7 Rb1 64. Re7 Kf8 65. Kf6
Rb6+ 66. Re6 Rb7 67. Rc6 Rb8 68. g7+ Kg8 69. Kg6 1-0

[Event "I Weekend A"]
[Site "Salerno ITA"]
[Date "2012.01.27"]
[Round "2"]
[White "Collutiis, Duilio"]
[Black "Chiusano, Raimondo"]
[WhiteElo "2477"]
[BlackElo "2124"]
[Result "1-0"]
[PlyCount "61"]
[EventDate "2012.01.27"]

1. g3 Nf6 2. Bg2 d5 3. Nf3 g6 4. O-O Bg7 5. d3 O-O 6. Nbd2 c5 7. e4 Nc6 8. Re1
Qc7 9. exd5 Nxd5 10. Nb3 Nd8 11. c4 Nb4 12. a3 Na6 13. Bf4 Qb6 14. Rb1 Ne6 15.
Be3 Qd6 16. d4 cxd4 17. Nfxd4 Nac7 18. Nxe6 Qxd1 19. Rexd1 Nxe6 20. Na5 Rb8 21.
b4 b6 22. Nc6 Rb7 23. a4 a6 24. a5 b5 25. cxb5 axb5 26. Na7 Rb8 27. Nxc8 Rbxc8
28. a6 Be5 29. Rd5 Bd6 30. Rxb5 Nc7 31. Ra5 1-0